00909nam a2200253Ia 4500003000400000005001700004008004100021020001800062040001800080041000800098082002100106100002400127245008000151250001200231260005700243300002900300650002900329650003200358650002800390700002500418942003000443999001900473952016300492OSt20241105092210.0210716s2011 xx 000 0 und d a9788120342781 cAIMIT LIBRARY aeng a519.53 24bGUPM aGupta, M P.9184145 aQuantitative techniques for decision making /cBy M P Gupta and R B Khanna. a4th ed. aNew Delhi :bPrentice Hall of India Pvt Ltd ,c2011. axiv,758p. ;bPBc24.4 cm aAssignment model9184146 aDynamic programming9184147 aMarkov analysis9184148 aKhanna, R B.9184149 2ddccBKe4thk519.53 GUPM c208186d208186 00102ddc40708MBAaAIMITbAIMITd2013-10-10g425.00iBill no:976; Bill dt:2013-09-05l0o519.53 GUPMpMBA10752r2025-07-21 00:00:00v318.75w2021-07-16yBK